000 nam a22 7a 4500
999 _c9257
_d9257
008 180125b ||||| |||| 00| 0 eng d
100 _aNCERT
_95514
245 _aMarigold - II
260 _aNew Delhi
_bNCERT
_c2007